European cities : social conflicts and governance (Record no. 177986)

MARC details
000 -LEADER
fixed length control field 00732nam a2200229Ia 4500
008 - FIXED-LENGTH DATA ELEMENTS--GENERAL INFORMATION
fixed length control field 191130s2002##################000#0#eng##
020 ## - INTERNATIONAL STANDARD BOOK NUMBER
ISBN 9780199252787
082 ## - DEWEY DECIMAL CLASSIFICATION NUMBER
Classification number 307.76094 GAL
100 ## - MAIN ENTRY--AUTHOR NAME
Personal name Le Galès, Patrick
245 ## - TITLE STATEMENT
Title European cities : social conflicts and governance
Statement of responsibility, etc Patrick Le Galès
260 ## - PUBLICATION, DISTRIBUTION, ETC. (IMPRINT)
Place of publication Oxford
Name of publisher Oxford University Press
Year of publication 2002
300 ## - PHYSICAL DESCRIPTION
Number of Pages vii, 328 p. : ill. ; 24 cm
500 ## - GENERAL NOTE
General note Bibliography : p. [277]-315. ; Includes index
650 ## - SUBJECT ADDED ENTRY--TOPICAL TERM
Topical Term Cities and towns --Europe
Topical Term European cooperation
Topical Term Municipal government --Europe
Topical Term Urban policy --Europe
991 ## -
-- 198145
Holdings
Withdrawn status Lost status Damaged status Not for loan Home library Current library Shelving location Date acquired Full call number Accession Number Price effective from Koha item type
        Anna Centenary Library Anna Centenary Library 3RD FLOOR, B WING 13.10.2020 307.76094 GAL 268533 13.10.2020 English Books

Find us on the map